Top 10 US Presidents By Rank - Statistics

General Stats
  • This quiz has been taken 140 times
  • The average score is 4 of 10
Answers on the Grid
Answers color-coded by a green-red scale on the quiz's grid according to % correct below.
Franklin D. Roosevelt
Joe Biden
Barack Obama
Abraham Lincoln
George Washington
Andrew Johnson
Theodore Roosevelt
Jimmy Carter
Warren G. Harding
Thomas Jefferson
Dwight D. Eisenhower
Harry Truman
Ronald Reagan
Andrew Jackson
Lyndon B. Johnson
John F. Kennedy
Ulysses S. Grant
William Taft
James Madison
William McKinley
 
Answer Stats
Answer % Correct
Franklin D. Roosevelt
80%
George Washington
72%
Abraham Lincoln
67%
John F. Kennedy
43%
Theodore Roosevelt
37%
Thomas Jefferson
36%
Dwight D. Eisenhower
21%
James Madison
14%
Harry Truman
11%
Lyndon B. Johnson
10%
No matching quizzes found
Score Distribution
Percent of People with Each Score
Percentile by Number Answered
Your Score History
You have not taken this quiz